चुनी हुई कहानियां / (Record no. 28050)
[ view plain ]
| 000 -LEADER | |
|---|---|
| fixed length control field | 01239nam a22002657a 4500 |
| 005 - DATE AND TIME OF LATEST TRANSACTION | |
| control field | 20090703104047.0 |
| 008 - FIXED-LENGTH DATA ELEMENTS--GENERAL INFORMATION | |
| fixed length control field | 090703t xxu||||| |||| 00| j hin d |
| 010 ## - LCCN (DPL NO) | |
| LC control number | HIN-87171 |
| 020 ## - INTERNATIONAL STANDARD BOOK NUMBER | |
| International Standard Book Number | 9788190570213 |
| Terms of availability | 250.00 |
| 035 ## - SYSTEM CONTROL NUMBER | |
| System control number | HN-59517 |
| 037 ## - SOURCE OF ACQUISITION | |
| Source of stock number/acquisition | DBAD / PUB |
| 040 ## - CATALOGING SOURCE | |
| Original cataloging agency | dpl |
| Language of cataloging | hn |
| 082 ## - DEWEY DECIMAL CLASSIFICATION NUMBER | |
| Classification number | क |
| 100 ## - MAIN ENTRY--PERSONAL NAME | |
| Personal name | लारेंस, डी.एच. |
| 245 ## - TITLE STATEMENT | |
| Title | चुनी हुई कहानियां / |
| Remainder of title | डी.एच. लारेंस; मोनिका शर्मा द्वारा रूपातंरित |
| 246 ## - VARYING FORM OF TITLE | |
| Title proper/short title | Chunii huii kahaaniyaan |
| Remainder of title | by D.H. Lawrence |
| 260 ## - PUBLICATION, DISTRIBUTION, ETC. (IMPRINT) | |
| Place of publication, distribution, etc | नोएड़ा |
| Name of publisher, distributor, etc | कैल्विन पब्लिशिंग |
| Date of publication, distribution, etc | 2009 |
| 270 ## - ADDRESS | |
| Address | बी-114, सैक्टर-55 |
| City | नोएडा (यू.पी.) |
| 300 ## - PHYSICAL DESCRIPTION | |
| Extent | 199पृ. |
| Dimensions | 22सेमी (सजिल्द) |
| 650 ## - SUBJECT ADDED ENTRY--TOPICAL TERM | |
| Topical term or geographic name as entry element | लघु कथाएँ, अंग्रेजी |
| 650 ## - SUBJECT ADDED ENTRY--TOPICAL TERM | |
| Topical term or geographic name as entry element | Short stories, English |
| 700 ## - ADDED ENTRY--PERSONAL NAME | |
| Personal name | शर्मा, मोनिका |
| 942 ## - ADDED ENTRY ELEMENTS (KOHA) | |
| Source of classification or shelving scheme | Dewey Decimal Classification |
| Item type | Hindi Books |
| Call number suffix | लारेंस |
| Classification part | क |
| Withdrawn status | Lost status | Source of classification or shelving scheme | Damaged status | Not for loan | Home library | Current library | Date acquired | Source of acquisition | Cost, normal purchase price | Total Checkouts | Full call number | Barcode | Date last seen | Copy number | Cost, replacement price | Koha item type |
|---|---|---|---|---|---|---|---|---|---|---|---|---|---|---|---|---|
| Dewey Decimal Classification | Not For Loan | D.B.Act.Division | D.B.Act.Division | 03/07/2009 | DBAD /PUB | 250.00 | क लारेंस | HN-59517 | 03/07/2009 | 1 | 250.00 | Hindi Books |
